wertvollsten Spieler nach Marktwert (mind. 100 Mio. €) - Statistiken

Allgemein
  • Dieses Quiz wurde 339 mal gespielt
  • Das Durchschnittsergebnis liegt bei 3 aus 13
Antwortstatistiken
Marktwert Spieler % Korrekt
180 Mio. € Neymar
90%
180 Mio. € Lionel Messi
48%
150 Mio. € Kylian Mbappe
37%
100 Mio. € Christiano Ronaldo
26%
150 Mio. € Harry Kane
22%
150 Mio. € Kevin De Bruyne
21%
120 Mio. € Eden Hazard
17%
120 Mio. € Antoine Griezmann
15%
150 Mio. € Mohamed Salah
13%
100 Mio. € Romelu Lukaku
7%
110 Mio. € Paulo Dybala
6%
100 Mio. € Dele Alli
3%
120 Mio. € Phillippe Coutinho
1%
Keine übereinstimmenden Quizze gefunden
Verteilung der Resultate
Anzahl Personen mit jedem Resultat
Perzentil nach korrekt beantworteten Fragen
Ihre Resultats-Entwicklung
Sie haben dieses Quiz noch nicht gespielt